Language Quiz

Random Language Quiz
Score 0/11 Timer 03:00
0 Plays Today
Clue Word % Correct
Island nation, ______ and TobagoTrinidad
95.5%
Affectionate term for fatherDad
90.9%
GrandfatherGranddad
77.3%
University in SpanishUniversidad
68.2%
Colombia's sixth largest city; solitude in SpanishSoledad
63.6%
City in SpanishCiudad
63.6%
Feliciano's Christmas song, Feliz...Navidad
50%
Iraq's capital cityBaghdad
50%
Feliciano's Feliz ________ prospero ano y...Felicidad
36.4%
1973 film starred by Kurt Russell, Bob Crane, and Barbara RushSuperdad
13.6%
The son of Ishmael and grandson of Abraham in the BibleHadad
13.6%
Come Together.
Have Fun.
All Virtual.
We all need to come together. Play Sporcle's virtual live trivia to have fun, connect with people, and get your trivia on. Join a live hosted trivia game for your favorite pub trivia experience done virtually. If a virtual private party is more your thing, go here for details.

You're not logged in!

Compare scores with friends on all Sporcle quizzes.
OR
Log In

Sporcle TV

Today on Sporcle TV


Watch our educational content, quiz creation guides, and fun videos on Sporcle TV.

Show Comments

Extras

Created Feb 3, 2016ReportNominate
Tags:dad, Ending

Top Quizzes Today


Score Distribution

Paid Content

Your Account Isn't Verified!

In order to create a playlist on Sporcle, you need to verify the email address you used during registration. Go to your Sporcle Settings to finish the process.

Report this User

Report this user for behavior that violates our Community Guidelines.

Details: